• 首页
  • 本馆介绍
  • 公告通知
  • 最新文献
  • 馆藏检索
  • 电子资源
  • 读者导购
  • 参考咨询
  • 我的图书馆
  • 登录
  • 详细信息显示
  • 放入我的书架
  • 预约/预借图书
  • 作者相关作品
  • 分类相关作品
  • 丛书相关作品
  • 出版社相关作品

书目信息

  • 表格格式
  • 工作单格式
  • 卡片格式
题名:
外国哲学
    
 
作者: ;《外国哲学》编委会 编
分册: 第五辑  
出版信息: 北京   商务印书馆  1984
页数: 356页
开本: 19cm
丛书名:
单 册:
中图分类: B1
科图分类:
主题词: 哲学--世界
电子资源:
ISBN:
000 00637nam0 2200229 45
001 0177003413
005 20050523161354.2
010    @dCNY1.45
091    @a2017.318
100    @a19950928d1984 em y0chiy0121 ea
101 0  @achi
102    @aCN@b110000
105    @ay z 000yy
200 10 @a外国哲学@AWai Guo Zhe Xue@h第五辑@f《外国哲学》编委会编@F《Wai Guo ZheXue》Bian Wei Hui Bian
210    @a北京@c商务印书馆@d1984
215    @a356页@d19cm
606 0  @a哲学@x世界
690    @aB1@v3
711 02 @a《外国哲学》编委会@4编
801  0 @aCN@b广东省中山图书馆@c20040206
801  2 @aCN@bNLC@c20040206
905    @dB1@e2:5@f1@b122773
    
    外国哲学.第五辑/《外国哲学》编委会编.-北京:商务印书馆,1984
    356页;19cm
    
    
    ISBN :CNY1.45
    
●
相关链接 在E读中查询图书 在五车中查询图书 在当当中查询图书 在豆瓣中查询图书


正题名:外国哲学     索取号:B1/2:5         预约/预借

序号 登录号 条形码 馆藏地/架位号 状态 备注
1 0122769   001145497   密集书库/ [索取号:B1/2:5] 在馆    
2 0122770   001124349   密集书库/ [索取号:B1/2:5] 在馆    
3 0122771   001129102   密集书库/ [索取号:B1/2:5] 在馆    
4 0122772   001129095   密集书库/ [索取号:B1/2:5] 在馆    
5 0122773   001145521   第一样本阅览室/ [索取号:B1/2:5] 在馆    
唐山师范学院图书馆 欢迎您!
大连网信软件有限公司© 版权所有